[Event "Barquisimeto Fide Arbiter"]
[Site "Barquisimeto"]
[Date "2020.02.08"]
[Round "3.1"]
[White "Pena Gonzalez, Clara Isabel"]
[Black "Alvarado Espana, Fabian"]
[Result "0-1"]
[WhiteElo "1800"]
[BlackElo "1991"]
[PlyCount "144"]
[EventDate "2020.02.07"]
[EventType "schev"]
[EventRounds "7"]
[EventCountry "VEN"]
[SourceTitle "EXT 2021"]
[Source "ChessBase"]
[SourceDate "2020.10.23"]
[SourceVersion "1"]
[SourceVersionDate "2020.10.23"]
[SourceQuality "1"]
[WhiteTeam "Robert Fischer CC"]
[BlackTeam "Orianita Aponte Academia"]
[WhiteTeamCountry "VEN"]
[BlackTeamCountry "VEN"]

1. e4 d5 2. exd5 Qxd5 3. Nc3 Qa5 4. Nf3 Bg4 5. Bc4 e6 6. h3 Bh5 7. d4 c6 8. g4 Bg6 9. h4 Be4 10. Bd2 Bxf3 11. Qxf3 Qb6 12. 0-0-0 Nf6 13. Bg5 Nbd7 14. Rhe1 0-0-0 15. Be3 Qb4 16. Bb3 Qe7 17. g5 Nd5 18. Bxd5 cxd5 19. Bf4 Nb8 20. Nb5 b6 21. Re3 Kb7 22. Rc3 Rd7 23. Qg3 Nc6 24. Rdd3 a6 25. Rxc6 Kxc6 26. Rc3+ Kb7 27. Nc7 Qb4 28. Qd3 Qa5 29. a3 Be7 30. b4 Qa4 31. b5 axb5 32. Nxb5 Rc8 33. Rxc8 Kxc8 34. Qc3+ Kb7 35. Qb3 Qc4 36. Qxc4 dxc4 37. c3 Rd5 38. a4 Rf5 39. Bg3 h6 40. f4 hxg5 41. hxg5 f6 42. gxf6 gxf6 43. Kd2 Rh5 44. Ke3 f5 45. Ke2 Rh1 46. Be1 Rh2+ 47. Kd1 Ra2 48. d5 exd5 49. Nd4 Rxa4 50. Nxf5 Bf8 51. Ne3 Kc6 52. Nc2 Bc5 53. f5 Kd7 54. Bg3 Ke7 55. Be5 Kf7 56. Kc1 Ra8 57. Nd4 Bxd4 58. Bxd4 b5 59. Kb2 Ra4 60. f6 b4 61. Kc2 Ra2+ 62. Kb1 b3 63. Kc1 Re2 64. Kb1 Re4 65. Bc5 Kxf6 66. Kb2 Re2+ 67. Kb1 Kf5 68. Bd4 Ke4 69. Bh8 Kd3 70. Bd4 Re4 71. Bh8 d4 72. Bxd4 Rxd4 0-1

[Event "Barquisimeto Fide Arbiter"]
[Site "Barquisimeto"]
[Date "2020.02.07"]
[Round "2.1"]
[White "Alvarado Espana, Fabian"]
[Black "Rumbos Garcia, Alejandro Daniel"]
[Result "1-0"]
[WhiteElo "1991"]
[BlackElo "1704"]
[PlyCount "101"]
[EventDate "2020.02.07"]
[EventType "schev"]
[EventRounds "7"]
[EventCountry "VEN"]
[SourceTitle "EXT 2021"]
[Source "ChessBase"]
[SourceDate "2020.10.23"]
[SourceVersion "1"]
[SourceVersionDate "2020.10.23"]
[SourceQuality "1"]
[WhiteTeam "Orianita Aponte Academia"]
[BlackTeam "Robert Fischer CC"]
[WhiteTeamCountry "VEN"]
[BlackTeamCountry "VEN"]

1. e4 c5 2. Nf3 d6 3. d4 cxd4 4. Nxd4 Nf6 5. Nc3 a6 6. Bg5 e6 7. f4 Be7 8. Qf3 Qc7 9. 0-0-0 b5 10. e5 Bb7 11. Qg3 dxe5 12. fxe5 Nh5 13. Qh4 Bxg5+ 14. Qxg5 g6 15. Bxb5+ Nc6 16. Bxc6+ Bxc6 17. Nxc6 Qxc6 18. Rd6 Qc4 19. Rhd1 Qf4+ 20. Qxf4 Nxf4 21. g3 Nh5 22. Ne4 0-0 23. c4 Rfc8 24. b3 Ng7 25. Nf6+ Kh8 26. g4 Ne8 27. Nxe8 Rxe8 28. Rd7 Kg8 29. Kc2 a5 30. Kc3 Rec8 31. Rf1 Rf8 32. c5 Rac8 33. Kc4 Rc6 34. a3 Ra6 35. b4 axb4 36. axb4 Rb8 37. Rfxf7 Ra4 38. Rg7+ Kf8 39. Rdf7+ Ke8 40. Rb7 Rxb7 41. Rxb7 Ra2 42. c6 Kd8 43. Kc5 Rc2+ 44. Kd6 Rd2+ 45. Kxe6 Rc2 46. b5 h5 47. gxh5 gxh5 48. Kd6 Rd2+ 49. Kc5 h4 50. Kb6 Rb2 51. Ra7 1-0

[Event "Barquisimeto Cup Lara op"]
[Site "Barquisimeto"]
[Date "2019.02.16"]
[Round "2.1"]
[White "Alvarado Espana, Fabian"]
[Black "Pena Gonzalez, Clara Isabel"]
[Result "1-0"]
[WhiteElo "1983"]
[BlackElo "1700"]
[PlyCount "77"]
[EventDate "2019.02.15"]
[EventType "swiss"]
[EventRounds "5"]
[EventCountry "VEN"]
[SourceTitle "EXT 2022"]
[Source "ChessBase"]
[SourceDate "2021.10.06"]
[SourceVersion "1"]
[SourceVersionDate "2021.10.06"]
[SourceQuality "1"]

1. e4 c5 2. Nf3 Nc6 3. d4 cxd4 4. Nxd4 g6 5. Nc3 Bg7 6. Be3 Nf6 7. Nb3 0-0 8. Be2 d6 9. 0-0 Bd7 10. h3 Rc8 11. Qd2 a6 12. f4 b5 13. Bf3 Re8 14. Nd5 Nxd5 15. exd5 Nb8 16. c3 Qc7 17. g4 e6 18. Rad1 e5 19. Bg2 exf4 20. Bxf4 f5 21. gxf5 Bxf5 22. Kh1 Be5 23. Nd4 Bd7 24. Bh6 Bg7 25. Bxg7 Kxg7 26. Rde1 Rxe1 27. Qxe1 Qd8 28. Ne6+ Bxe6 29. dxe6 Rc7 30. Qd2 Re7 31. Qd4+ Kg8 32. Rf7 Rxf7 33. exf7+ Kxf7 34. Bd5+ Ke8 35. Qh8+ Kd7 36. Qxh7+ Qe7 37. Qxg6 Qe1+ 38. Qg1 Qh4 39. Qa7+ 1-0

[Event "Barquisimeto Cup Lara op"]
[Site "Barquisimeto"]
[Date "2019.02.15"]
[Round "1.1"]
[White "Hernandez Alvarez, Diego Antonio"]
[Black "Alvarado Espana, Fabian"]
[Result "0-1"]
[WhiteElo "1632"]
[BlackElo "1983"]
[PlyCount "33"]
[EventDate "2019.02.15"]
[EventType "swiss"]
[EventRounds "5"]
[EventCountry "VEN"]
[SourceTitle "EXT 2022"]
[Source "ChessBase"]
[SourceDate "2021.10.06"]
[SourceVersion "1"]
[SourceVersionDate "2021.10.06"]
[SourceQuality "1"]

1. e4 d5 2. exd5 Qxd5 3. Nc3 Qa5 4. g3 Nf6 5. Bg2 e6 6. Nge2 Be7 7. d4 Nc6 8. Bd2 Qa6 9. 0-0 0-0 10. Rb1 Rd8 11. b4 Qc4 12. a3 a5 13. Na4 Nd7 14. Nb2 Qa6 15. c4 e5 16. Qc2 exd4 17. Nxd4 0-1

[Event "Venezuela op 2nd"]
[Site "Valencia"]
[Date "2018.12.15"]
[Round "4"]
[White "Rivas Lugo, Omary Milena"]
[Black "Alvarado Espana, Fabian"]
[Result "1-0"]
[WhiteElo "1723"]
[BlackElo "1983"]
[PlyCount "77"]
[EventDate "2018.12.14"]
[EventType "swiss"]
[EventRounds "6"]
[EventCountry "VEN"]
[SourceTitle "EXT 2021"]
[Source "ChessBase"]
[SourceDate "2020.10.23"]
[SourceVersion "1"]
[SourceVersionDate "2020.10.23"]
[SourceQuality "1"]

1. e4 d5 2. exd5 Qxd5 3. Nc3 Qa5 4. d4 Nf6 5. Bc4 c6 6. Qe2 Bg4 7. Nf3 e6 8. h3 Qh5 9. Bd2 Nbd7 10. 0-0-0 Bxf3 11. gxf3 0-0-0 12. Bf4 Nb6 13. Bb3 Qf5 14. Bg3 h5 15. h4 Be7 16. Rhe1 Bb4 17. Qe3 Bxc3 18. Qxc3 Nfd5 19. Qa5 Nc7 20. Qxa7 Nba8 21. Re5 Qxf3 22. d5 cxd5 23. Re3 Qg4 24. Rc3 Kd7 25. Ba4+ Ke7 26. Bxc7 Nxc7 27. Rxc7+ Kf6 28. Rxb7 Rhg8 29. Qd4+ Qxd4 30. Rxd4 e5 31. Rdb4 e4 32. R4b6+ Kf5 33. Bd7+ Ke5 34. a4 d4 35. Kd2 Kf4 36. Rb4 g5 37. hxg5 h4 38. Bh3 Kf3 39. Rxf7# 1-0

[Event "Valencia Renovando op"]
[Site "Valencia"]
[Date "2017.07.17"]
[Round "9"]
[White "Alvarado Espana, Fabian"]
[Black "Brizuela Abreu, Reivis Gabriel"]
[Result "0-1"]
[WhiteElo "2003"]
[BlackElo "2228"]
[PlyCount "62"]
[EventDate "2017.07.13"]
[EventType "swiss"]
[EventRounds "9"]
[EventCountry "VEN"]
[SourceTitle "EXT 2018"]
[Source "ChessBase"]
[SourceDate "2017.10.13"]
[SourceVersion "1"]
[SourceVersionDate "2017.10.13"]
[SourceQuality "1"]

1. e4 e6 2. d4 d5 3. Nd2 Nf6 4. e5 Nfd7 5. f4 c5 6. c3 Nc6 7. Ngf3 Be7 8. Bd3 cxd4 9. cxd4 Qb6 10. Nb3 a5 11. a4 Bb4+ 12. Kf2 f6 13. Be3 0-0 14. Qc2 h6 15. Ke2 Be7 16. Bd2 fxe5 17. dxe5 Nb4 18. Bxb4 Qxb4 19. g3 Nb6 20. Nbd2 Bd7 21. b3 Rac8 22. Qa2 Rc3 23. Rhc1 Rfc8 24. Rxc3 Rxc3 25. Qb1 Bc6 26. f5 Qg4 27. fxe6 d4 28. Kf2 Bg5 29. Ne4 Be3+ 30. Kg2 Rxd3 31. Qxd3 Bxe4 0-1

[Event "Valencia Renovando op"]
[Site "Valencia"]
[Date "2017.07.14"]
[Round "4"]
[White "Alvarado Espana, Fabian"]
[Black "Vilchez Barboza, Henry Roberto"]
[Result "0-1"]
[WhiteElo "2003"]
[BlackElo "1713"]
[PlyCount "48"]
[EventDate "2017.07.13"]
[EventType "swiss"]
[EventRounds "9"]
[EventCountry "VEN"]
[SourceTitle "EXT 2018"]
[Source "ChessBase"]
[SourceDate "2017.10.13"]
[SourceVersion "1"]
[SourceVersionDate "2017.10.13"]
[SourceQuality "1"]

1. e4 e5 2. Nf3 Nc6 3. Bc4 Be7 4. c3 Nf6 5. d3 0-0 6. 0-0 d6 7. Bb3 Bg4 8. h3 Bh5 9. Re1 d5 10. exd5 Nxd5 11. g4 Bg6 12. Nxe5 Nxe5 13. Rxe5 c6 14. d4 Bd6 15. Re1 Qh4 16. Qf3 Rae8 17. Rxe8 Rxe8 18. Be3 Be4 19. Qxe4 Rxe4 20. Bxd5 cxd5 21. Nd2 Qxh3 22. Nxe4 dxe4 23. Re1 Bh2+ 24. Kh1 Bf4+ 0-1

[Event "Valencia Renovando op"]
[Site "Valencia"]
[Date "2017.07.13"]
[Round "1"]
[White "Sanchez Alvarez, Kelvin Antonio"]
[Black "Alvarado Espana, Fabian"]
[Result "1-0"]
[WhiteElo "2227"]
[BlackElo "2003"]
[PlyCount "79"]
[EventDate "2017.07.13"]
[EventType "swiss"]
[EventRounds "9"]
[EventCountry "VEN"]
[SourceTitle "EXT 2018"]
[Source "ChessBase"]
[SourceDate "2017.10.13"]
[SourceVersion "1"]
[SourceVersionDate "2017.10.13"]
[SourceQuality "1"]

1. e4 d5 2. exd5 Qxd5 3. Nc3 Qa5 4. d4 Nf6 5. Nf3 c6 6. Ne5 e6 7. Nc4 Qc7 8. g3 Be7 9. Bf4 Qd8 10. Qf3 Nd5 11. Bxb8 Rxb8 12. 0-0-0 Nxc3 13. Qxc3 0-0 14. Bg2 Bd7 15. f4 Qc7 16. Ne5 Rfc8 17. Kb1 Be8 18. Qe3 c5 19. d5 exd5 20. Bxd5 Bf6 21. Rhe1 Rd8 22. Qe4 Bxe5 23. fxe5 Qe7 24. Rf1 Kh8 25. h4 b5 26. h5 Rb6 27. g4 h6 28. Qf5 g6 29. Qf4 Kg7 30. hxg6 Rxg6 31. Be4 Rxd1+ 32. Rxd1 Rg5 33. Bf5 c4 34. Rd6 Qb7 35. a3 Qh1+ 36. Ka2 Qh4 37. e6 f6 38. Rd8 Rxf5 39. Qc7+ Kg6 40. Rxe8 1-0

[Event "Caracas FVA 80th Ann"]
[Site "Caracas"]
[Date "2015.12.16"]
[Round "2"]
[White "Alvarado Espana, Fabian"]
[Black "Zavarce Sayago, Oscar Enrique"]
[Result "0-1"]
[WhiteElo "1936"]
[BlackElo "2333"]
[PlyCount "132"]
[EventDate "2015.12.16"]
[EventType "swiss"]
[EventRounds "8"]
[EventCountry "VEN"]
[SourceTitle "EXT 2018"]
[Source "ChessBase"]
[SourceDate "2017.10.13"]
[SourceVersion "1"]
[SourceVersionDate "2017.10.13"]
[SourceQuality "1"]

1. e4 c5 2. Nf3 e6 3. d4 cxd4 4. Nxd4 a6 5. Nc3 b5 6. a3 Bb7 7. Be2 Qc7 8. 0-0 Nf6 9. Qd3 d6 10. f4 Nbd7 11. Bf3 Be7 12. Bd2 0-0 13. Rae1 Rfd8 14. Nb3 Rac8 15. Qe2 Nb6 16. Na5 Ba8 17. Kh1 Bf8 18. Qf2 d5 19. Be3 Nbd7 20. e5 Ne4 21. Bxe4 dxe4 22. Nb3 Bxa3 23. Nxb5 axb5 24. bxa3 Bd5 25. Nd4 Qa5 26. Ra1 Bc4 27. Rfb1 f6 28. exf6 Nxf6 29. h3 Qc3 30. Qe1 Qxe1+ 31. Rxe1 Nd5 32. Rad1 Rd6 33. Nb3 Nxe3 34. Rxd6 Nxc2 35. Rb1 e3 36. Nd4 Bd5 37. Rc1 Rc5 38. Nxc2 e2 39. Re1 Rxc2 40. Kg1 Bc4 41. Ra6 Kf7 42. Kf2 Kf6 43. Ra5 Ra2 44. Ra7 h6 45. Ra5 g6 46. Ke3 g5 47. fxg5+ hxg5 48. g3 Rc2 49. Ra7 Ke5 50. Kf2 Ra2 51. Ke3 Rb2 52. Ra5 Rb3+ 53. Kf2 Ke4 54. Rxe2+ Bxe2 55. Kxe2 Rb2+ 56. Kd1 e5 57. h4 g4 58. Kc1 Rb3 59. h5 Rxg3 60. Rxb5 Rxa3 61. h6 Rh3 62. Rb6 g3 63. Rg6 Kf3 64. Kd2 g2 65. h7 Rxh7 66. Rf6+ Kg3 0-1